000 004660000a22001810004500
999 _c47494
_d47494
001 247
003 CO-MdFUSB
005 20180403145926.0
008 180403b xxu||||| |||| 00| 0 eng d
020 _a958-655-044-3
040 _cCO-MdBIC
082 0 4 _a398 Si17d
100 1 _aSierra García, Jaime
245 1 0 _aDiccionario Folklórico Antioqueño / Jaime Sierra García
260 _aMedellín : Universidad de Antioquia
300 _a399 P.
942 _cLGB